K vybraným atribútom demokracie z pohľadu dokumentov Svätej stolice

Problematika demokracie a vybraných základných ľudských práv a jej odraz v dokumentoch Svätej stolice, z ktorých najdôležitejšie sú pápežské encykliky. Autorka uvedenú problematiku sleduje predovšetkým v dokumentoch pápeža Jána Pavla II., a to v jeho encyklikách Redemptor hominis a Centisimmus annus...

Celý popis

Uložené v:
Podrobná bibliografia
Hlavný autor: Vokálová, Emília
Médium: Kapitola
Jazyk:Slovak
Predmet:
Tagy: Pridať tag
Žiadne tagy, Buďte prvý, kto otaguje tento záznam!

MARC

LEADER 00000nla$a2200000$$$4500
001 0128127
005 20240502072449.1
041 0 |a slo 
044 |a SK 
245 1 0 |a K vybraným atribútom demokracie z pohľadu dokumentov Svätej stolice  |c Emília Vokálová 
520 |a Problematika demokracie a vybraných základných ľudských práv a jej odraz v dokumentoch Svätej stolice, z ktorých najdôležitejšie sú pápežské encykliky. Autorka uvedenú problematiku sleduje predovšetkým v dokumentoch pápeža Jána Pavla II., a to v jeho encyklikách Redemptor hominis a Centisimmus annus, ako aj v každoročných posolstvách, ktoré tento pápež vydával pri príležitosti rôznych pamätných dní. 
610 2 0 |a demokracia 
610 2 0 |a práva ľudské 
610 2 0 |a bezpečnosť 
610 2 0 |a chudoba 
610 2 0 |a Vatikán 
610 2 0 |a dokumenty 
610 2 0 |a cirkev 
100 1 |a Vokálová, Emília